Alabama Football Opponents - Statistics

General Stats
  • This quiz has been taken 350 times
    337 since last reset
  • The average score is 52 of 133
Answer Stats
Overall Record (W-L-T) Answer % Correct
43-35-1 Auburn
94%
37-25-4 Georgia
92%
1-7-1 Texas
92%
49-25-5 LSU
91%
23-14 Florida
89%
47-10-2 Mississippi
86%
50-38-7 Tennessee
86%
2-2 Michigan
84%
12-3 Clemson
83%
15-8 Arkansas
82%
2-1-1 Florida State
82%
77-18-3 Mississippi State
82%
1-3-1 Oklahoma
82%
3-1 Ohio State
81%
5-2 Texas A&M
81%
36-2-1 Kentucky
78%
5-2 USC
78%
10-4 South Carolina
77%
14-3 Miami (FL)
76%
3-2 Missouri
76%
59-19-4 Vanderbilt
75%
1-0 Michigan State
74%
4-0 Washington
74%
28-21-3 Georgia Tech
73%
1-0 Texas Tech
73%
1-2 UCLA
73%
0-1 Oklahoma State
70%
2-5 Notre Dame
69%
1-0 Pennsylvania
69%
0-1 Utah
69%
3-2 Nebraska
66%
1-0 Washington State
66%
1-0 North Carolina
65%
1-1 California
64%
10-5 Penn State
63%
2-3 TCU
63%
1-0 Army
62%
2-1 Colorado
62%
12-1 Virginia Tech
62%
0-1 Wisconsin
62%
2-1 Duke
61%
0-1 Minnesota
59%
1-0-1 Stanford
58%
2-0 Baylor
57%
5-0 NC State
57%
0-1 UCF
57%
1-0 BYU
55%
1-0 Illinois
54%
0-1 Louisiana Monroe
54%
2-1 Maryland
54%
1-0 Southern University
54%
27-11-3 Tulane
54%
1-0 West Virginia
53%
1-0 Georgia Southern
52%
1-1 Syracuse
52%
1-3 Boston College
51%
2-0 Georgia State
51%
1-0 Iowa State
51%
2-1 Louisville
51%
1-0 Colorado State
50%
10-0 Houston
50%
2-0 SMU
49%
1-0 Utah State
49%
7-1 Memphis State
47%
0-3 Rice
47%
34-6-2 Southern Miss
47%
2-0 Arkansas State
46%
2-0 Florida Atlantic
46%
2-0 Western Kentucky
46%
2-2 Louisiana Tech
45%
2-0 Rutgers
44%
1-0 Florida International
43%
1-1 Hawaii
42%
1-0 UTEP
42%
2-0 Middle Tennessee
40%
4-0 North Texas
36%
1-0 Kent State
34%
3-0 Temple
34%
5-0 Cincinnati
31%
1-0 South Florida
30%
1-0 East Carolina
29%
1-0 San Jose State
29%
0-1 Northern Illinois
28%
1-0 Chattanooga
24%
2-0 Mercer
22%
3-0 Western Carolina
19%
5-0 Furman
15%
17-10-3 Sewanee
15%
1-0 Richmond
10%
0-1 Villanova
9%
20-0-1 Howard
8%
2-0 Birmingham High School
7%
11-0 Birmingham-Southern
6%
0-1 Cumberland
5%
1-0 Davidson
5%
1-1 Fordham
4%
2-3 Birmingham Athletic Club
3%
0-1 Carlisle
3%
2-1 Centre
3%
1-0 Delta State
3%
7-0 Mississippi College
3%
0-1 New Orleans Athletic Club
3%
1-0 Tampa
3%
11-0 Tennessee-Chattanooga
3%
1-0 Wichita State
3%
0-1 Georgia Pre-Flight
2%
1-0 Loyola (NO)
2%
2-0 Tuscaloosa Athletic Club
2%
3-0 Duquesne
1%
3-0 George Washington
1%
1-0 Haskell Institute
1%
9-0 Marion Institute
1%
3-0 Maryville
1%
1-0 Montgomery Athletic Club
1%
1-0 Nashville University
1%
2-0 Oglethorpe
1%
2-0 Southwestern
1%
1-0 St. Mary's
1%
1-0 Washington and Lee
1%
0-1 Camp Gordon
0%
1-0 Case College
0%
1-0 Florida Agricultural
0%
1-0 Keesler Field
0%
3-0 Millsaps
0%
1-0 Ohio Ambulance Corp.
0%
1-0 Pensacola Athletic Club
0%
2-0 Pensacola Naval Air Station
0%
1-0 Southern Military Academy
0%
8--0 Southwestern Louisiana
0%
3-0 Spring Hill
0%
1-0 Taylor School
0%
4-0 Union
0%
1-0 Wetumpka
0%
No matching quizzes found
Score Distribution
Percent of People with Each Score
Percentile by Number Answered
Your Score History
You have not taken this quiz since the last reset